| 000 | 01012cam a22002055a 4500 | ||
|---|---|---|---|
| 001 | L137902 | ||
| 008 | 070504s2005 xxk f 000 0 eng d | ||
| 035 | _a(Sirsi) u137902 | ||
| 041 | 0 | _aeng | |
| 100 | 1 | _aSidwell, Tony | |
| 245 | 0 | 2 |
_aA decision support tool to improve project procurement _h[electronic resource] |
| 260 | _c2005 | ||
| 520 | _aDiscusses the development of a tool to support decision making in project delivery in order to deliver better value. Examines best practice project delivery and the developed a suite of products, resources and services to guide project teams towards the best approach for a specific project. | ||
| 651 | 4 | _aInternational | |
| 690 |
_aProcurement _96260 |
||
| 690 |
_aProject management _96261 |
||
| 711 | 2 |
_aConstruction and Building Research Conference _cUniversity of Queensland, Brisbane _d4-5 July 2005 |
|
| 856 | 4 | 0 |
_uhttps://www.rics.org/site/scripts/download_info.aspx?downloadID=2585 _zView the item free of charge online at www.rics.org... |
| 942 | _n0 | ||
| 999 |
_c106925 _d106925 |
||